Philadelphia Flyers 2025-2026 Roster - Statistics

General Stats
  • This quiz has been taken 27 times
    25 since last reset
  • The average score is 15 of 25
Answer Stats
Jersey # Pos Player % Correct
80 G Dan Vladar
89%
39 RW Matvei Michkov
89%
33 G Samuel Ersson
89%
11 RW Travis Konecny
84%
6 D Travis Sanheim
84%
46 C Trevor Zegras
84%
9 D Jamie Drysdale
79%
27 LW Noah Cates
79%
14 C Sean Couturier
79%
10 RW Bobby Brink
74%
8 D Cam York
68%
22 C Christian Dvorak
63%
71 RW Tyson Foerster
63%
5 D Egor Zamula
58%
19 RW Garnet Hathaway
58%
24 D Nick Seeler
58%
74 RW Owen Tippett
58%
44 LW Nicolas Deslauriers
53%
29 RW Nikita Grebenkin
53%
18 C Rodrigo Abols
47%
13 D Adam Ginning
42%
47 D Noah Juulsen
42%
17 C Jett Luchanko
26%
91 RW Carl Grundstrom
11%
48 D Dennis Gilbert
0%
No matching quizzes found
Score Distribution
Percent of People with Each Score
Percentile by Number Answered
Your Score History
You have not taken this quiz since the last reset